Shoplifting among college students: a study in the sociology of crime

Guardado en:  
Detalles Bibliográficos
Autor principal: Ba-Yunus, Ilyas (Autor)
Tipo de documento: Print Libro
Lenguaje:Inglés
Publicado: Ann Arbor, Mich. Univ. Microfilms 1974
En:Año: 1974
Disponibilidad en Tübingen:Disponible en Tübingen.
UB: KB 4 A 178
Verificar disponibilidad: HBZ Gateway
Servicio de pedido Subito: Pedir ahora.
Palabras clave:

MARC

LEADER 00000cam a22000002c 4500
001 1122543298
003 DE-627
005 20220516133948.0
007 tu
008 960617s1974 xx ||||| m 00| ||eng c
035 |a (DE-627)1122543298 
035 |a (DE-576)052543293 
035 |a (DE-599)BSZ052543293 
035 |a (OCoLC)312440319 
040 |a DE-627  |b ger  |c DE-627  |e rakwb 
041 |a eng 
100 1 |a Ba-Yunus, Ilyas  |0 (DE-627)1234228645  |0 (DE-576)164228640  |4 aut 
109 |a Ba-Yunus, Ilyas  |a Yunus, Ilyas B.-  |a Bā-Jūnus, Iljās 
245 1 0 |a Shoplifting among college students  |b a study in the sociology of crime  |c Ilyas Ba-Yunus 
264 1 |a Ann Arbor, Mich.  |b Univ. Microfilms  |c 1974 
300 |a VIII, 161 S. 
336 |a Text  |b txt  |2 rdacontent 
337 |a ohne Hilfsmittel zu benutzen  |b n  |2 rdamedia 
338 |a Band  |b nc  |2 rdacarrier 
502 |a Zugl.: Oklahoma State Univ., Diss., 1970 
583 1 |a Archivierung prüfen  |c 20200919  |f DE-640  |z 2  |2 pdager 
655 7 |a Hochschulschrift  |0 (DE-588)4113937-9  |0 (DE-627)105825778  |0 (DE-576)209480580  |2 gnd-content 
751 |a Stillwater, Okla.  |0 (DE-588)4192546-4  |0 (DE-627)703023047  |0 (DE-576)216827361  |4 uvp 
951 |a BO 
ELC |b 1 
LOK |0 000 xxxxxcx a22 zn 4500 
LOK |0 001 2282974778 
LOK |0 003 DE-627 
LOK |0 004 1122543298 
LOK |0 005 19960617000000 
LOK |0 008 960617||||||||||||||||ger||||||| 
LOK |0 040   |a DE-21  |c DE-627  |d DE-21 
LOK |0 852   |a DE-21 
LOK |0 852 1  |c KB 4 A 178  |9 00 
LOK |0 935   |a krim 
LOK |0 939   |a 17-06-96  |b l01 
ORI |a SA-MARC-krimdoka001.raw 
SIG |a UB: KB 4 A 178